000 00866nam a2200217Ia 4500
999 _c39426
_d39426
001 6017
003 GE_BSU
005 20190903132313.0
008 181216s1992||||ge |||||||||||||| ||geo||
040 _cGE_BSU
041 _ageo
080 _a821.353.1-1 ა-20
100 _aაბულაშვილი, ანზორ
_93878
245 _aმუნჯი მოკარნახე :`
_bლექსები /
_cანზორ აბულაშვილი ; რედ. სილოვან ნარიმანიძე.
264 _aთბილისი :
_bმერანი ;
_c1992.
300 _a150 გვ. ;
_c17 სმ.
653 _aმუნჯი მოკარნახე
653 _aლექსები
700 _aნარიმანიძე, სილოვან
_eრედაქტორი
_93879
942 _cBK
_2udc